Countries Visiting Kosovo the Most - Statistics

General Stats
  • This quiz has been taken 584 times
  • The average score is 7 of 10
Answer Stats
Visitors Country % Correct
2,750 Germany
91%
1,251 United Kingdom
90%
1,628 United States
89%
301 France
86%
1,938 Italy
84%
37 Greece
74%
871 Croatia
65%
500 Austria
53%
278 Netherlands
46%
43 Belgium
41%
No matching quizzes found
Score Distribution
Percent of People with Each Score
Percentile by Number Answered
Your Score History
You have not taken this quiz